L'angoisse (une page de la vie d'un meunier) et autres nouvelles / (Record no. 75097)

MARC details
000 -LEADER
campo de control de longitud fija 00823nam a2200217 i 4500
001 - NÚMERO DE CONTROL
campo de control 75097
003 - IDENTIFICADOR DE NÚMERO DE CONTROL
campo de control ES-MaACL
005 - FECHA Y HORA DE LA ÚLTIMA TRANSACCIÓN
campo de control 20250927103014.0
007 - CAMPO FIJO DE DESCRIPCIÓN FÍSICA--INFORMACIÓN GENERAL
campo de control de longitud fija t|
008 - DATOS DE LONGITUD FIJA--INFORMACIÓN GENERAL
campo de control de longitud fija 040922s1905 fr ||||1| fre d
100 1# - ENTRADA PRINCIPAL--NOMBRE DE PERSONA
Nombre de persona Gor'kiï, Maksim.
9 (RLIN) 59128
245 12 - MENCIÓN DEL TÍTULO
Título L'angoisse (une page de la vie d'un meunier) et autres nouvelles /
Mención de responsabilidad, etc. Máximo Gorki (seud.) ; traduites par S. Kikina et P.G. La Chesnais.
250 ## - MENCION DE EDICION
Mención de edición 4ème ed.
260 ## - PUBLICACIÓN, DISTRIBUCIÓN, ETC.
Lugar de publicación, distribución, etc. Paris :
Nombre del editor, distribuidor, etc. Société du Mercure de France,
Fecha de publicación, distribución, etc. 1905 (
Lugar de fabricación/manufactura Poitiers :
Fabricante Blais et Roy)
300 ## - DESCRIPCIÓN FÍSICA
Extensión 247 p. ;
Dimensiones 19 cm.
505 8# - NOTA DE CONTENIDO CON FORMATO
Nota de contenido con formato Contiene: L'angoisse . Le mauvais farceur . La sortie . Par ennui . Boles . Vaska le rouge . Le lecleur.
700 1# - ENTRADA AGREGADA--NOMBRE PERSONAL
Nombre de persona Kikina, S.
9 (RLIN) 68023
700 1# - ENTRADA AGREGADA--NOMBRE PERSONAL
Nombre de persona La Chesnais, Pierre Georget,
Fechas asociadas al nombre 1865-1948
9 (RLIN) 70386
852 ## - LOCALIZACIÓN
Ubicación ES-MaACL
Número de control de estantería F-9544
Holdings
Estatus retirado Estado de pérdida Estado de daño No para préstamo Biblioteca de origen Biblioteca actual Ubicación en estantería Fecha de adquisición Fuente de adquisición Total de préstamos Signatura topográfica completa Código de barras Visto por última vez Precio de reemplazo Tipo de ítem Koha
        Biblioteca del Ateneo de Madrid Biblioteca del Ateneo de Madrid Sala Pecera Planta 2 17/01/2008     F-9544 1078603 23/02/2023 23/02/2023 Libro impreso